000
00286nam a2200121Ia 4500
008
190216s9999||||xx |||||||||||||| ||und||
100
_a
Sasidharan N K
245
0
_a
Kashmir Kashmir
260
_b
Poorna Pubs Kozhikode
_c
1994
300
_a
218
650
_a
Malayalam Novel
942
_c
BK
999
_c
27206
_d
27206